BOMBAY LABOUR WELFARE FUNDS ACT (Record no. 5533)

MARC details
000 -LEADER
fixed length control field 00332nam a2200133Ia 4500
008 - FIXED-LENGTH DATA ELEMENTS--GENERAL INFORMATION
fixed length control field 240624s9999 xx 000 0 und d
041 ## - LANGUAGE CODE
Language code of text/sound track or separate title eng
082 ## - DEWEY DECIMAL CLASSIFICATION NUMBER
Classification number 340 DWI
100 ## - MAIN ENTRY--PERSONAL NAME
Personal name DWIVEDI S L
245 ## - TITLE STATEMENT
Title BOMBAY LABOUR WELFARE FUNDS ACT
260 ## - PUBLICATION, DISTRIBUTION, ETC.
Date of publication, distribution, etc. 2007
Place of publication, distribution, etc. Bombay
Name of publisher, distributor, etc. Labour Law Agency
300 ## - PHYSICAL DESCRIPTION
Extent 24 : p. : cm. ; 25
365 ## - TRADE PRICE
Currency code RS
Price amount 15
Holdings
Withdrawn status Lost status Damaged status Not for loan Home library Current library Shelving location Date acquired Source of acquisition Cost, normal purchase price Total Holds Full call number Barcode Date last seen Copy number Price effective from Koha item type
        IMTN IMTN Rack 14-B 07/24/2007 SLH 25.00 29544 340 DWI 5533 06/24/2024 1 06/24/2024 Books
Designed & Maintained by: LRC IMT Nagpur Contact: lrc@imtnag.ac.in© 2024. All Rights Reserved.